South American Countries by GDP per capita - Statistics

General Stats
  • This quiz has been taken 99 times
  • The average score is 11 of 12
Answer Stats
Hint Answer % Correct
$14,477 Chile
98%
$16,199 Uruguay
98%
$12,873 Argentina
95%
$11,604 Brazil
95%
$9,584 Suriname
88%
$8,076 Colombia
86%
$6,458 Peru
86%
$3,061 Bolivia
85%
$6,286 Ecuador
85%
$4,305 Paraguay
85%
$6,757 Venezuela
85%
$3,748 Guyana
83%
No matching quizzes found
Score Distribution
Percent of People with Each Score
Percentile by Number Answered
Your Score History
You have not taken this quiz